000 00359nam a22001457a 4500
003 SGT
020 _a9780706927486
082 _a923.154
_bI10P
100 _aPANIGRAHI, D.N.
245 _aINDIRA GANDHI:AN APOSTLE OF NATIONAL INTEGRATION
260 _aINDIA
_bVIKAS PUB. HOUSE
_c2010
300 _a144
650 _aPRIME MINISTER OF INDIA
942 _2ddc
_cBK
999 _c25872
_d25872